La amistad: Costa Rica tesoro natural (Registro nro. 5304)
[ vista simple ]
| 000 -LEADER | |
|---|---|
| fixed length control field | 00797ngm a22002297a 4500 |
| 005 - DATE AND TIME OF LATEST TRANSACTION | |
| control field | 20170223115253.0 |
| 008 - FIXED-LENGTH DATA ELEMENTS--GENERAL INFORMATION | |
| fixed length control field | 150508b xxu||||| |||| 00| 0 spa d |
| 041 ## - LANGUAGE CODE | |
| Language code of text/sound track or separate title | spa |
| 082 ## - CLASIFICACIÓN | |
| Clasificación | 357 DVD |
| 110 ## - AUTOR CORPORATIVO | |
| Corporate name or jurisdiction name as entry element | UNED |
| 245 ## - TÍTULO | |
| Title | La amistad: Costa Rica tesoro natural |
| 260 ## - PUBLICATION, DISTRIBUTION, ETC. (IMPRINT) | |
| Place of publication | Costa Rica |
| Name of publisher | UNED |
| Year of publication | 2014 |
| 300 ## - PHYSICAL DESCRIPTION | |
| Number of Pages | 24 minutos |
| 500 ## - GENERAL NOTE | |
| General note | Descripción de Talamanca y el Parque Internacional La Amistad el más extenso de los parques nacionales de Costa Rica; su gran variedad geográfica, montañas y microclimas, temperaturas, fauna de bosque tropical húmedo. |
| 650 ## - SUBJECT ADDED ENTRY--TOPICAL TERM | |
| Topical Term | COSTA RICA |
| 650 ## - SUBJECT ADDED ENTRY--TOPICAL TERM | |
| Topical Term | PARQUE INTERNACIONAL LA AMISTAD |
| 650 ## - SUBJECT ADDED ENTRY--TOPICAL TERM | |
| Topical Term | TALAMANCA |
| 650 ## - SUBJECT ADDED ENTRY--TOPICAL TERM | |
| Topical Term | ABORÍGENES |
| 650 ## - SUBJECT ADDED ENTRY--TOPICAL TERM | |
| Topical Term | FLORA |
| 650 ## - SUBJECT ADDED ENTRY--TOPICAL TERM | |
| Topical Term | FAUNA |
| 942 ## - ADDED ENTRY ELEMENTS (KOHA) | |
| Koha item type | DVD |
| Withdrawn status | Lost status | Damaged status | Not for loan | Home library | Current library | Date acquired | Total Checkouts | Full call number | Accession Number | Date last seen | Price effective from | Koha item type |
|---|---|---|---|---|---|---|---|---|---|---|---|---|
| Departamento de Biblioteca y Documentación Alfonso Chase Brenes | Departamento de Biblioteca y Documentación Alfonso Chase Brenes | 03/02/2017 | 357 DVD | 357DVD | 03/02/2017 | 03/02/2017 | DVD |